Sélections nationales de foot par logo (aléatoire). - Statistiques

Statistiques générales
  • Ce quiz a été pris 108 fois
  • Le résultat moyen est 10 sur 20
Statistiques - réponses
Par images Réponse % Correct
Algérie
100%
Allemagne
100%
Australie
100%
Autriche
100%
Belgique
100%
Bolivie
100%
Canada
100%
Chili
100%
Chine
100%
Croatie
100%
Danemark
100%
Écosse
100%
Finlande
100%
France
100%
Grèce
100%
Hongrie
100%
Iran
100%
Irlande
100%
Jamaïque
100%
Laos
100%
Mexique
100%
Népal
100%
Pays-Bas
100%
Pays de Galles
100%
Portugal
100%
Qatar
100%
Sénégal
100%
Serbie
100%
Slovaquie
100%
Suède
100%
Tonga
100%
Uruguay
100%
Espagne
90%
Italie
90%
Nouvelle-Zélande
90%
Pérou
90%
Argentine
89%
Cameroun
89%
Japon
89%
Maroc
89%
Moldavie
89%
Albanie
88%
Ghana
88%
Niger
88%
Togo
88%
Chypre
86%
Colombie
86%
Corée du Nord
86%
États-Unis
86%
Kazakhstan
86%
Norvège
85%
Bulgarie
83%
Liban
83%
Syrie
83%
Ukraine
83%
Arabie Saoudite
80%
Belize
80%
Botswana
80%
Brésil
80%
Burkina Faso
80%
Haïti
80%
Jordanie
80%
Mali
80%
Monténégro
80%
Tunisie
80%
Irak
75%
Panama
75%
Cambodge
71%
Slovénie
71%
Yémen
71%
Angleterre
70%
Bosnie-Herzégovine
70%
Mauritanie
70%
Honduras
67%
République centrafricaine
67%
Russie
67%
Égypte
63%
Guyana
63%
Turquie
63%
Andorre
60%
Comores
60%
Porto Rico
60%
Turkménistan
60%
Émirats arabes unis
57%
Islande
57%
Malte
57%
République Démocratique du Congo
57%
République Tchèque
57%
São Tomé-et-Príncipe
57%
Sierra Leone
57%
Côte d'Ivoire
56%
Nicaragua
56%
Papouasie-Nouvelle-Guinée
56%
Saint-Vincent-et-les-Grenadines
56%
Corée du Sud
50%
Costa Rica
50%
Estonie
50%
Gabon
50%
Irlande du Nord
50%
Israël
50%
Libye
50%
Madagascar
50%
Malawi
50%
Ouzbékistan
50%
Pologne
50%
République dominicaine
50%
Tanzanie
50%
Tchad
50%
Venezuela
50%
Zambie
50%
Zimbabwe
50%
Cap-Vert
44%
Guinée
44%
Équateur
43%
Gambie
43%
Géorgie
43%
Grenade
43%
Palestine
43%
Roumanie
43%
Suisse
43%
Guinée-Bissau
40%
Guinée équatoriale
40%
Nigéria
40%
Macédoine du Nord
38%
Tahiti
38%
Afghanistan
33%
Hong Kong
33%
Îles Caïmans
33%
Inde
33%
Liberia
33%
Saint-Kitts-et-Nevis
33%
Soudan
33%
Sri Lanka
33%
Bhoutan
30%
Arménie
29%
Barbade
29%
Macao
29%
Paraguay
29%
Timor Oriental
29%
Vietnam
29%
Angola
25%
Burundi
25%
Cuba
25%
Curaçao
25%
Érythrée
25%
Guatemala
25%
Kosovo
25%
Koweït
25%
Lettonie
25%
Luxembourg
25%
Montserrat
25%
Salvador
25%
Thaïlande
25%
Trinité-et-Tobago
25%
Azerbaïdjan
22%
Ouganda
22%
Vanuatu
22%
Djibouti
20%
Éthiopie
20%
Liechtenstein
20%
Mongolie
20%
Oman
20%
Seychelles
20%
Suriname
20%
Antigua-et-Barbuda
17%
Biélorussie
17%
Dominique
17%
Tadjikistan
17%
Îles Salomon
15%
Congo
14%
Gibraltar
14%
Îles Féroés
14%
Malaisie
14%
Pakistan
14%
Philippines
14%
Samoa
14%
Bangladesh
13%
Îles Vierges britanniques
13%
Indonésie
13%
Lesotho
13%
Saint-Marin
13%
Taïwan
13%
Kirghizistan
11%
Afrique du Sud
0%
Anguilla
0%
Aruba
0%
Bahamas
0%
Bahreïn
0%
Bénin
0%
Bermudes
0%
Birmanie
0%
Brunei
0%
Eswatini
0%
Fidji
0%
Guam
0%
Île Maurice
0%
Îles Cook
0%
Îles Turks et Caïques
0%
Îles Vierges américaines
0%
Kenya
0%
Lituanie
0%
Maldives
0%
Mozambique
0%
Namibie
0%
Nouvelle-Calédonie
0%
Rwanda
0%
Sainte-Lucie
0%
Samoa américaines
0%
Singapour
0%
Somalie
0%
Soudan du Sud
0%
Aucun quiz correspondant
Distribution des résultats
% des personnes avec chaque résultat
Percentile par nombre de réponses
Votre historique - résultats
Vous n’avez pas pris ce quiz